Statistics for BRICS quiz

Click here to take the quiz!

General Stats

  • This quiz has been taken 105 times
  • The average score is 4 of 5

Answer Stats

HintAnswer% Correct
Country with largest population in the worldIndia
100%
Country with largest economy at Brics and second largest in the worldChina
91%
Largest country at Brics as well as in the worldRussia
85%
The country who won the most football world cupsBrazil
79%
Smallest country of Brics and from African continentSouth Africa
74%

Score Distribution

Percentile by Number Answered

Percent of People with Each Score

Your Score History

You have not taken this quiz